Random Science Trivia #1 - Statistics

General Stats
  • This quiz has been taken 208 times
  • The average score is 11 of 15
Answer Stats
Hint Answer % Correct
How long is a century? 100 years
99%
What number is helium on the periodic table? 2
99%
If XX is a woman, then what is a man? XY
97%
Mitochondria is the powerhouse of what? The Cell
92%
Na is what element? Sodium
89%
What is the most common element on earth? Nitrogen
86%
How many minutes does it take for light from the sun to reach earth? 8
80%
There are four states of matter. Solid, Liquid, and Gas. What is the other one? Plasma
79%
How many bones are in an adult body? 206
78%
Sphenopalatine ganglioneuralgia is what everyday term you get from eating ice cream? Brain Freeze
72%
If you ate 30,00 bananas in a minute, you would die from radiation poisoning. Why? Potassium
64%
What is the name of our moon? Luna
47%
What element has the lowest melting point? Mercury
47%
What animal did Thomas Edison electrocute? Elephant
27%
What is the hardest substance known on earth? Diamonds
26%
No matching quizzes found
Score Distribution
Percent of People with Each Score
Percentile by Number Answered
Your Score History
You have not taken this quiz